An introduction to the theory of infinite series / (Record no. 70522)
[ view plain ]
| 000 -LEADER | |
|---|---|
| fixed length control field | 00851nam a2200265 a 4500 |
| 001 - CONTROL NUMBER | |
| control field | 70522 |
| 003 - CONTROL NUMBER IDENTIFIER | |
| rucl marc code | BD-RjUL |
| 005 - DATE AND TIME OF LATEST TRANSACTION | |
| control field | 20211209082018.0 |
| 008 - FIXED-LENGTH DATA ELEMENTS--GENERAL INFORMATION | |
| fixed length control field | 170418s1955 nyua b 001 0 eng d |
| 035 ## - SYSTEM CONTROL NUMBER | |
| System control number | (BD-RjUL)70736 |
| 040 ## - CATALOGING SOURCE | |
| Original cataloging agency | DLC |
| Transcribing agency | DLC |
| Language of cataloging | eng |
| Modifying agency | BD-RjUL |
| 041 ## - LANGUAGE CODE | |
| Language code of text/sound track or separate title | eng |
| 082 00 - DEWEY DECIMAL CLASSIFICATION NUMBER | |
| Classification number | 515.243 |
| Edition number | 23 |
| Author mark and year | BRI 1955 |
| 100 1# - MAIN ENTRY--PERSONAL NAME | |
| Personal name | Bromwich, Thomas John I'Anson, |
| Dates associated with a name | 1875-1929. |
| 9 (RLIN) | 208748 |
| 245 13 - TITLE STATEMENT | |
| Title | An introduction to the theory of infinite series / |
| Statement of responsibility, etc. | by T.J. I'a. Bromwich & T.M. Macrobert |
| 250 ## - EDITION STATEMENT | |
| Edition statement | 2nd ed. |
| 260 ## - PUBLICATION, DISTRIBUTION, ETC. (IMPRINT) | |
| Place of publication, distribution, etc. | New York : |
| Name of publisher, distributor, etc. | Macmillan & Co., |
| Date of publication, distribution, etc. | 1955. |
| 300 ## - PHYSICAL DESCRIPTION | |
| Pagination | xv, 535 p. : |
| Illustrations | ill. ; |
| Size | 24 cm. |
| 500 ## - GENERAL NOTE | |
| General note | Spine title: Infinite series. |
| 504 ## - BIBLIOGRAPHY, ETC. NOTE | |
| Bibliography, etc | Includes bibliographical references and indexes. |
| 650 #0 - SUBJECT ADDED ENTRY--TOPICAL TERM | |
| Topical term or geographic name as entry element | Series, Infinite. |
| 9 (RLIN) | 152435 |
| 700 ## - ADDED ENTRY--PERSONAL NAME | |
| Personal name | Macrobert, T.M. |
| 942 ## - ADDED ENTRY ELEMENTS (KOHA) | |
| Source of classification or shelving scheme | Dewey Decimal Classification |
| Koha item type | Books |
| Lost status | Source of classification or shelving scheme | Damaged status | Not for loan | Collection code | Permanent Location | Current Location | Shelving location | Date acquired | Source of acquisition | Cost, normal purchase price | Total Checkouts | Full call number | Date last seen | Copy number | Koha item type |
|---|---|---|---|---|---|---|---|---|---|---|---|---|---|---|---|
| Dewey Decimal Classification | Not For Loan | Non-fiction | Central Library, University of Rajshahi | Central Library, University of Rajshahi | Reading Room | 03/12/1956 | Guup Mar. | 1.10 | 515.243 BRI 1955 | 18/04/2017 | C-1 | Books |